• 首页
  • 本馆介绍
  • 公告通知
  • 最新文献
  • 馆藏检索
  • 电子资源
  • 读者导购
  • 参考咨询
  • 我的图书馆
  • 登录
  • 详细信息显示
  • 放入我的书架
  • 预约/预借图书
  • 作者相关作品
  • 分类相关作品
  • 丛书相关作品
  • 出版社相关作品

书目信息

  • 表格格式
  • 工作单格式
  • 卡片格式
题名:
就是算得快
    
 
作者: 米特灵 著 ;王丹若 , 彭碧馨 译
分册:  
出版信息: 北京   北京时代华文书局  2014
页数: 212页
开本: 21cm
丛书名:
单 册:
中图分类: O121.4-49
科图分类:
主题词: 心算法--普及读物
电子资源:
ISBN: 978-7-80769-652-0
000 01054nam0 2200277 450
001 012015000807
005 20150914152536.51
010    @a978-7-80769-652-0@dCNY32.00
100    @a20141029d2014 em y0chiy50 ea
101 1  @achi@cger
102    @aCN@b110000
105    @aa z 000yy
106    @ar
200 1  @a就是算得快@Ajiu shi suan de kuai@dRechnen mit dem weltmeister@e在生活的加减乘除中训练最强大脑@f(德)格特·米特灵著@g王丹若,彭碧馨译@zger
210    @a北京@c北京时代华文书局@d2014
215    @a212页@c图@d21cm
330    @a本书以类似珠心算从高位到低位的运算顺序,运用联想记忆、数字齿轮、手指数学、十字相乘法、“电梯法”等运算方法,使得枯燥的数字运算变得妙趣横生。
510 1  @aRechnen mit dem weltmeister@zger
517 1  @a在生活的加减乘除中训练最强大脑
606 0  @a心算法@j普及读物
690    @aO121.4-49@v5
701  1 @c(德)@a米特灵@Ami te ling@c(Mittring, Gert@f1966-)@4著
702  0 @a王丹若@Awang dan ruo@4译
702  0 @a彭碧馨@Apeng bi xin@4译
801  0 @aCN@b碧洲教育@c20150718
905    @a10447@f4@dO121.4-49@e136
    
    就是算得快=Rechnen mit dem weltmeister:在生活的加减乘除中训练最强大脑/(德)格特·米特灵著/王丹若,彭碧馨译.-北京:北京时代华文书局,2014
    212页:图;21cm
    
    
    ISBN 978-7-80769-652-0:CNY32.00
    本书以类似珠心算从高位到低位的运算顺序,运用联想记忆、数字齿轮、手指数学、十字相乘法、“电梯法”等运算方法,使得枯燥的数字运算变得妙趣横生。
●
相关链接 在E读中查询图书 在五车中查询图书 在当当中查询图书 在豆瓣中查询图书


正题名:就是算得快     索取号:O121.4-49/136         预约/预借

序号 登录号 条形码 馆藏地/架位号 状态 备注
1 0847955   208479555   第二样本阅览室/ [索取号:O121.4-49/136] 在馆    
2 0847956   208479564   第三借阅区/ [索取号:O121.4-49/136] 在馆    
3 0847957   208479573   第三借阅区/ [索取号:O121.4-49/136] 在馆    
4 0847958   208479582   第三借阅区/ [索取号:O121.4-49/136] 在馆    
唐山师范学院图书馆 欢迎您!
大连网信软件有限公司© 版权所有